00730nam a22002177a 450000500170000001000270001702000260004403500130007003500140008303700130009708200140011010000200012424501140014424600540025826000300031227000690034230000330041150000190044465000290046370000200049220230112172611.0 aENG-114995 ENG-135985 a9788120351936c595.00 aEN-98527 aEN-119517 bDBAD/PUB a005.71376 aRobichaux, Paul aExam ref 70-341 :cby Paul Robichaux [and] Bhargav Shuklabcore solutions of Microsoft Exchange Server 2013 / a Core solutions of Microsoft Exchange Server 2013 aDelhibPHI Learningc2016 aRimjhim House, 111, Patparganj Industrial Estate,bDelhie110092 axvii,339p.:bill.c24cm(pbk) aIncludes index aClient/server computing. aShukla, Bhargav